Mato Grosso : (Record no. 1230)

MARC details
000 -LÍDER
Campo Fixo de Controle 00661nam a2200217 a 4500
001 - NÚMERO DE CONTROLE
Campo de Controle 1230
003 - IDENTIFICAÇÃO DO NÚMERO DE CONTROLE
Campo de Controle BR-CuiBMT
005 - DATA E HORA DA ÚLTIMA ATUALIZAÇÃO
Campo de Controle 20231201191143.0
008 - DADOS FIXOS
Dados Fixos 231201s1977 mtba 001 0 por d
040 ## - AGÊNCIA CATALOGADORA
Código da Agência Catalogadora BR-CuiBMT
Agência que transcreveu o registro BR-CuiBMT
080 ## - Nº DA CLASSIFICAÇÃO DECIMAL UNIVERSAL
Nº edição CDU 2007
Nº Class. CDU 338.1
Subd. Auxiliar Comum (817.2)
090 ## - NÚMERO DE CHAMADA
Nº classificação 338.1(817.2)
Cutter P879m
100 1# - ENTRADA PRINCIPAL -- AUTOR PESSOAL
Nome pessoal Póvoas, Lenine C.,
Datas associadas ao nome 1921-2007.
245 ## - TÍTULO PRINCIPAL
Título principal Mato Grosso :
Subtítulo um convite à fortuna /
Indicação de responsabilidade Lenine C. Póvoas.
260 ## - PUBLICAÇÃO, DISTRIBUIÇÃO, ETC.
Local de publicação Rio de Janeiro :
Editora Guavira,
Data 1977.
300 ## - DESCRIÇÃO FÍSICA
N. páginas ou volumes 166 p.:
Ilustrações il. color.
Dimensões 21 cm
504 ## - NOTA DE BIBLIOGRAFIA, ETC.
Nota de bibliografia Inclui índice.
650 ## - ASSUNTO TÓPICO
Cabeçalho tópico ou nome geográfico Condições econômicas
Subdivisão geográfica Mato Grosso
650 ## - ASSUNTO TÓPICO
Cabeçalho tópico ou nome geográfico Geografia econômica
Subdivisão geográfica Mato Grosso
942 ## - ELEMENTOS DE ENTRADA ADICIONAIS (KOHA)
Fonte de classificação ou esquema de arquivamento Classificação Decimal Universal
Tipo de item do Koha Livros
Holdings
Estado: removido Estado: perdido Fonte de classificação ou esquema de arquivamento Estado: danificado Indisponível para empréstimo Localização permanente Localização atual Data de aquisição Total Checkouts Número de Chamada completo Código de barras Date last seen Número do exemplar Preço efetivo a partir de Tipo de item (Koha)
    Classificação Decimal Universal     Biblioteca da Escola Superior de Contas do TCE/MT Biblioteca da Escola Superior de Contas do TCE/MT 01/12/2023   338.1(817.2) P879m BIBTCEMT23120032 01/12/2023 Ex. 1 01/12/2023 Livros
    Classificação Decimal Universal     Biblioteca da Escola Superior de Contas do TCE/MT Biblioteca da Escola Superior de Contas do TCE/MT 05/12/2023   338.1(817.2) P879m BIBTCEMT23120200 05/12/2023 Ex. 2 05/12/2023 Livros
    Classificação Decimal Universal     Biblioteca da Escola Superior de Contas do TCE/MT Biblioteca da Escola Superior de Contas do TCE/MT 05/12/2023   338.1(817.2) P879m BIBTCEMT23120201 05/12/2023 Ex. 3 05/12/2023 Livros
    Classificação Decimal Universal     Biblioteca da Escola Superior de Contas do TCE/MT Biblioteca da Escola Superior de Contas do TCE/MT 05/12/2023   338.1(817.2) P879m BIBTCEMT23120202 05/12/2023 Ex. 4 05/12/2023 Livros

Powered by Koha